000 00459nam a2200181 a 4500
001 11455
003 CO-ViMGA
008 141112s2004 ck r 000 u spa d
040 _aCO-ViMGA
_bspa
_cCO-ViMGA
082 0 4 _aKINc
100 1 _aKing - Smith, Dickh
_947865
245 1 0 _aEl caballero tembleque
260 _aMadrid :
_bS.M,
_c1994
300 _a107 p : il
490 _aEl barco de vapor, 87
650 1 4 _aCUENTOS INFANTILES
_92743
942 _2ddc
_cBK
999 _c22652
_d22652